[Event "Big Slow Lazy Tourney -  Dutch Style"]
[Site "SchemingMind.com"]
[Date "2020.05.27"]
[Round "-"]
[White "William Lindberg"]
[Black "frankly"]
[Result "0-1"]
[WhiteCountry "USA"]
[BlackCountry "ENG"]
[WhiteElo "2458"]
[WhiteRD "65"]
[BlackElo "2576"]
[BlackRD "63"]
[GameID "455661"]

1. d4 f5 2. g3 Nf6 3. Bg2 g6 4. Nf3 Bg7 5. c4 O-O 6. O-O d6 7. Nc3 c6 8. Qc2 Na6 9. Rb1 Qe8 10. b4 Nc7
11. c5 a6 12. Bb2 h6 13. Nd2 Be6 14. a3 g5 15. e3 Rd8 16. Nb3 f4 17. Rbe1 Qh5 18. Nd2 Rf7 19. f3 fxg3 20. hxg3 g4
21. f4 Bf5 22. e4 Nxe4 23. Ndxe4 Bxd4+ 24. Rf2 d5 25. Nxd5 Bxf2+ 26. Qxf2 Rxd5 27. Nd2 Rd3 28. Bf1 Rd8 29. Be5 Nd5 30. Nc4 Rh7
31. Qd2 Qg6 32. Ne3 Be4 33. Ng2 Bxg2 34. Bxg2 h5 35. Be4 Qf7 36. Bxh7+ Qxh7 37. Qe2 Qf5 38. Ba1 Kf7 39. Qc4 e6 40. Qd4 Rg8
41. Qf2 Ne7 42. Rd1 h4 43. Be5 Nd5 44. gxh4 g3 45. Qe2 Rg4 46. Rd3 a5 47. Rf3 Rxh4 48. Rxg3 Qb1+ 49. Kf2 axb4 50. axb4 Nxf4
51. Bxf4 Rxf4+ 52. Kg2 Ke7 53. Rg7+ Kf6 54. Rg8 Qe4+ 55. Qxe4 Rxe4 56. Kf3 Rxb4 57. Ke3 Rc4 58. Rb8 Rxc5 59. Rxb7 e5 60. Rc7 Rc3+
61. Ke4 Ke6 62. Rc8 Kd6 63. Rd8+ Ke7 64. Rh8 Rc5 65. Rh6 Kd7 66. Rh7+ Kd6 67. Rh6+ Kc7 68. Kd3 Kb6 69. Rg6 Kb5 70. Ke4 Rc3
71. Rg7 c5 72. Rb7+ Kc4 73. Kxe5 Re3+ 74. Kf4 Re8 75. Rc7 Kb4 76. Kf3 c4 77. Rb7+ Kc3 78. Rb5 Kc2 79. Rb7 c3 80. Rc7 Kb2
81. Rb7+ Kc1 82. Rb6 c2 83. Rc6 Rb8 84. Ke2 Kb1 85. Kd2 Rd8+ 86. Ke3 c1=Q+ 87. Rxc1+ Kxc1 88. Ke4 Kd2 89. Kf4 Re8 90. Kf3 Kd3
91. Kf4 Re4+ 92. Kg5 Ke3 93. Kf5 Kf3 94. Kg6 Kg4 95. Kf6 Re3 96. Kg7 Rf3 97. Kg6 Rf2 98. Kh6 Kf5 99. Kg7 Kg5 100. Kh7 Kf6
101. Kg8 Rh2
0-1

[Event "Big Slow Lazy Tourney -  Dutch Style"]
[Site "SchemingMind.com"]
[Date "2020.05.31"]
[Round "-"]
[White "frankly"]
[Black "Mihir Chandrashekhar"]
[Result "1-0"]
[WhiteCountry "ENG"]
[BlackCountry "IND"]
[WhiteElo "2576"]
[WhiteRD "63"]
[BlackElo "1717"]
[BlackRD "66"]
[GameID "455662"]

1. d4 f5 2. g3 Nf6 3. Bg2 c6 4. Nf3 g6 5. O-O Bg7 6. c4 d5 7. Qb3 Qb6 8. Qc2 O-O 9. Nc3 dxc4 10. Na4 Qc7
11. Qxc4+ Kh8 12. Nc5 b6 13. Bf4 Qd8 14. Nd3 Nd5 15. Be5 Ba6 16. Qc2 Bxd3 17. Qxd3 Nd7 18. Bxg7+ Kxg7 19. Ng5 Rf6 20. e4 fxe4
21. Nxe4 Rf5 22. Bh3 Rh5 23. Bg4
1-0

[Event "Big Slow Lazy Tourney -  Dutch Style"]
[Site "SchemingMind.com"]
[Date "2020.05.27"]
[Round "-"]
[White "Randy Bahr"]
[Black "frankly"]
[Result "0-1"]
[WhiteCountry "USA"]
[BlackCountry "ENG"]
[WhiteElo "1736"]
[WhiteRD "70"]
[BlackElo "2604"]
[BlackRD "67"]
[GameID "455663"]

1. d4 f5 2. g3 Nf6 3. Bg2 g6 4. Nf3 Bg7 5. c4 O-O 6. O-O d6 7. Nc3 c6 8. Qc2 Na6 9. Re1 Qc7 10. a3 e5
11. dxe5 dxe5 12. b3 e4 13. Ng5 h6 14. Nh3 g5 15. f4 Qb6+ 16. Kh1 g4 17. Na4 Qc7 18. Nf2 b5 19. Nb2 Be6 20. Nfd1 h5
21. Ne3 h4 22. gxh4 Nh5 23. cxb5 cxb5 24. Qxc7 Nxc7 25. Ned1 Bxb3 26. e3 Rfd8
0-1

[Event "Big Slow Lazy Tourney -  Dutch Style"]
[Site "SchemingMind.com"]
[Date "2020.06.05"]
[Round "-"]
[White "The Stonewall"]
[Black "maro"]
[Result "1-0"]
[WhiteCountry "ENG"]
[BlackCountry "MEX"]
[WhiteElo "2427"]
[WhiteRD "86"]
[BlackElo "1373"]
[BlackRD "60"]
[GameID "455969"]

1. d4 f5 2. g3 e6 3. Bg2 c6 4. Nf3 h6 5. Ne5 Qf6 6. e4 fxe4 7. Qh5+ g6 8. Qxg6+ Qxg6 9. Nxg6 Rh7 10. Nxf8 Kxf8
11. Bxe4 Rg7 12. Bf4 Nf6 13. Nc3 d5 14. Bd3 Nbd7 15. Bxh6 e5 16. Bxg7+ Kxg7 17. dxe5 Nxe5 18. O-O-O Bg4 19. Rde1 Nxd3+ 20. cxd3 Bf3
21. Re7+ Kf8 22. Rhe1 Bh5 23. Rxb7 d4 24. Na4 Nd5 25. Nc5 a5 26. Ne6+ Kg8 27. Re5 Bg4 28. Rg5+ Kh8 29. Rxg4 Nf6 30. Rh4+ Kg8
31. Rg7#
1-0

[Event "Big Slow Lazy Tourney -  Dutch Style"]
[Site "SchemingMind.com"]
[Date "2020.06.09"]
[Round "-"]
[White "maro"]
[Black "Uzi Mike"]
[Result "0-1"]
[WhiteCountry "MEX"]
[BlackCountry "USA"]
[WhiteElo "1391"]
[WhiteRD "59"]
[BlackElo "2305"]
[BlackRD "73"]
[GameID "455970"]

1. d4 f5 2. g3 e6 3. Bg2 Nf6 4. c4 Nc6 5. Nc3 Bb4 6. Bd2 Nxd4 7. Nf3 Nxf3+ 8. Bxf3 O-O 9. a3 Be7 10. O-O c6
11. b4 d5 12. cxd5 exd5 13. Bf4 Ne4 14. Bxe4 fxe4 15. e3 Bh3 16. Re1 Qd7 17. f3 exf3 18. Qxf3 g5 19. Qh5 gxf4 20. exf4 Bf6
21. Rac1 Bg4 22. Qh6 Rae8 23. f5 Bd4+ 24. Kg2 Qxf5 25. Rf1 Re2+
0-1

[Event "Big Slow Lazy Tourney -  Dutch Style"]
[Site "SchemingMind.com"]
[Date "2020.06.05"]
[Round "-"]
[White "Mihir Chandrashekhar"]
[Black "maro"]
[Result "1-0"]
[WhiteCountry "IND"]
[BlackCountry "MEX"]
[WhiteElo "1733"]
[WhiteRD "65"]
[BlackElo "1377"]
[BlackRD "60"]
[GameID "455971"]

1. d4 f5 2. g3 e6 3. Bg2 Nc6 4. c4 Nf6 5. Nc3 Bb4 6. e3 d5 7. Ne2 dxc4 8. O-O O-O 9. a3 Bxc3 10. Nxc3 Na5
11. h3 Nb3 12. Rb1 c6 13. Qe2 b5 14. Bxc6 Rb8 15. Bxb5 Na5 16. Bxc4 Nxc4 17. Qxc4 Qd6 18. b4 a5 19. b5 Bd7 20. a4 Rbc8
21. Qb3 Rc7 22. Ba3 Qb6 23. Bxf8 Kxf8 24. Rfc1 Qd6 25. Ne2 Rxc1+ 26. Rxc1 Ne4 27. Kg2 Nd2 28. Qc2 Qd5+ 29. Kg1 Nf3+ 30. Kf1 Ng5
31. Qc5+ Qxc5 32. dxc5 Nxh3 33. c6 Bc8 34. b6 Ba6 35. b7
1-0

[Event "Big Slow Lazy Tourney -  Dutch Style"]
[Site "SchemingMind.com"]
[Date "2020.06.04"]
[Round "-"]
[White "maro"]
[Black "AussieMossie"]
[Result "0-1"]
[WhiteCountry "MEX"]
[BlackCountry "AUS"]
[WhiteElo "1412"]
[WhiteRD "57"]
[BlackElo "2516"]
[BlackRD "73"]
[GameID "455972"]

1. d4 f5 2. g3 Nf6 3. Bg2 e6 4. Nc3 d5 5. Bf4 c5 6. dxc5 Bxc5 7. e3 Nc6 8. Nge2 h6 9. O-O g5 10. Bxg5 hxg5
11. a3 Bd7 12. b4 Be7 13. Na4 Qc7 14. b5 Ne5 15. Nd4 Nc4 16. Rb1 g4 17. Re1 Ne4 18. Bf1 Nxf2 19. Kxf2 Rxh2+
0-1

[Event "Big Slow Lazy Tourney -  Dutch Style"]
[Site "SchemingMind.com"]
[Date "2020.06.04"]
[Round "-"]
[White "maro"]
[Black "frankly"]
[Result "0-1"]
[WhiteCountry "MEX"]
[BlackCountry "ENG"]
[WhiteElo "1412"]
[WhiteRD "57"]
[BlackElo "2604"]
[BlackRD "67"]
[GameID "455973"]

1. d4 f5 2. g3 Nf6 3. Nc3 d5 4. Bg2 c5 5. e3 e6 6. b3 Nc6 7. Ba3 Qa5 8. Bb2 cxd4 9. exd4 Ba3 10. Qc1 Nxd4
11. Ne2 Nxe2 12. Kxe2 Bxb2 13. Qxb2 O-O 14. b4 Qb6 15. a4 Bd7 16. a5 Qc7 17. Rhe1 Qc4+ 18. Kd1 Qd4+ 19. Ke2 Ne4 20. Bxe4 fxe4
21. Kf1 Qxf2#
0-1

[Event "Big Slow Lazy Tourney -  Dutch Style"]
[Site "SchemingMind.com"]
[Date "2020.06.09"]
[Round "-"]
[White "Robert Bruce"]
[Black "maro"]
[Result "1-0"]
[WhiteCountry "SCO"]
[BlackCountry "MEX"]
[WhiteElo "2407"]
[WhiteRD "67"]
[BlackElo "1373"]
[BlackRD "60"]
[GameID "455974"]

1. d4 f5 2. g3 Nf6 3. Bg2 d5 4. c4 dxc4 5. Qa4+ Bd7 6. Qxc4 Nc6 7. Nf3 Na5 8. Qc2 Bb5 9. Qxf5 c6 10. O-O Bxe2
11. Re1 Bxf3 12. Qxf3 Qxd4 13. Bf4 O-O-O 14. Bh3+ Nd7 15. Rd1 Qxb2 16. Rxd7 Rxd7 17. Qd3 e6 18. Bxe6
1-0

[Event "Big Slow Lazy Tourney -  Dutch Style"]
[Site "SchemingMind.com"]
[Date "2020.06.04"]
[Round "-"]
[White "William Lindberg"]
[Black "maro"]
[Result "1-0"]
[WhiteCountry "USA"]
[BlackCountry "MEX"]
[WhiteElo "2447"]
[WhiteRD "63"]
[BlackElo "1412"]
[BlackRD "57"]
[GameID "455975"]

1. d4 f5 2. Nf3 Nf6 3. h3 e6 4. e3 d5 5. Be2 Bd6 6. O-O c5 7. dxc5 Bxc5 8. a3 a6 9. b4 Bd6 10. Bb2 Nc6
11. c4 dxc4 12. Bxc4 O-O 13. Bb3 Ne4 14. Qc2 b5 15. Qxc6 Bd7 16. Qc2 Rc8 17. Qd3 Bc6 18. Bxe6+ Kh8 19. Nd4 Be5 20. Bxc8 Qxc8
21. Rc1 Rf6 22. Nd2 Qb7 23. Rxc6 Rxc6 24. Nxc6
1-0

[Event "Big Slow Lazy Tourney -  Dutch Style"]
[Site "SchemingMind.com"]
[Date "2020.06.04"]
[Round "-"]
[White "Randy Bahr"]
[Black "maro"]
[Result "1-0"]
[WhiteCountry "USA"]
[BlackCountry "MEX"]
[WhiteElo "1736"]
[WhiteRD "70"]
[BlackElo "1412"]
[BlackRD "57"]
[GameID "455976"]

1. d4 f5 2. g3 Nf6 3. Bg2 e6 4. c4 Bb4+ 5. Nc3 Ne4 6. Qd3 Bxc3+ 7. bxc3 d5 8. f3 Ng5 9. cxd5 Qxd5 10. Bxg5 Nc6
11. Kf2 h6 12. f4 Qd6 13. Bh4 b6 14. e4 fxe4 15. Qxe4 Ba6 16. Qxc6+ Qxc6 17. Bxc6+ Kf7 18. Bxa8 Rxa8 19. Nf3
1-0

[Event "Big Slow Lazy Tourney -  Dutch Style"]
[Site "SchemingMind.com"]
[Date "2020.06.11"]
[Round "-"]
[White "AussieMossie"]
[Black "Matthew Bailey"]
[Result "1-0"]
[WhiteCountry "AUS"]
[BlackCountry "ENG"]
[WhiteElo "2503"]
[WhiteRD "71"]
[BlackElo "2545"]
[BlackRD "57"]
[GameID "456084"]

1. d4 f5 2. Nf3 Nf6 3. g3 g6 4. Bg2 Bg7 5. O-O O-O 6. c4 d6 7. Nc3 c6 8. d5 e5 9. e4 cxd5 10. cxd5 Na6
11. exf5 gxf5 12. Be3 Bd7 13. Ng5 Nc7 14. Qb3 Qe7 15. Rad1 b6 16. Rfe1 Rac8 17. Qa3 Rfe8 18. Nf3 b5 19. Bg5 h6 20. Bxf6 Qxf6
21. Qxa7 Red8 22. a3 Ne8 23. Qe3 b4 24. axb4 Rb8 25. b5 Nc7 26. Rc1 Nxb5 27. Nxb5 Rxb5 28. Rc7 e4 29. Nh4 Rxd5 30. Bf1 Re5
31. b4 f4 32. Qxf4 d5 33. Rd1 Rg5 34. Qe3 Bg4 35. Rb1 Qe5 36. Qc1 Qd4 37. b5 Rf8 38. Qe1 Be5 39. Rc6 Bb8 40. Bg2 Bd7
41. Rxh6 Qg7 42. Ra6 Bc8 43. Ra2 Bb7 44. b6 Qe5 45. Bf1 Kg7 46. Rb5 Qf6 47. Ng2 Rf7 48. Be2 Bc6 49. Rba5 Kg8 50. Bb5 Bb7
51. Ba6 Qxb6 52. Bxb7 Rxb7 53. Ne3 Qb1 54. Qxb1 Rxb1+ 55. Kg2 Re5 56. Rxd5 Rxd5 57. Nxd5 Kf7 58. Re2 Ke6 59. Nc3 Ra1 60. Nxe4 Kf5
61. h4 Be5 62. f3 Ra8 63. g4+ Kg6 64. h5+ Kh6 65. Nc5 Bd4 66. Re6+ Kg7 67. Ne4 Kf7 68. Ng5+ Kf8 69. f4 Rc8 70. f5 Rc2+
71. Kf3 Rc3+ 72. Ke4 Be3 73. Nf3 Bc5 74. Ne5
1-0

[Event "Big Slow Lazy Tourney -  Dutch Style"]
[Site "SchemingMind.com"]
[Date "2020.06.06"]
[Round "-"]
[White "frankly"]
[Black "Matthew Bailey"]
[Result "1/2-1/2"]
[WhiteCountry "ENG"]
[BlackCountry "ENG"]
[WhiteElo "2604"]
[WhiteRD "67"]
[BlackElo "2518"]
[BlackRD "58"]
[GameID "456085"]

1. d4 f5 2. g3 Nf6 3. Bg2 e6 4. c4 c6 5. Nf3 d5 6. O-O Bd6 7. Bf4 Bxf4 8. gxf4 O-O 9. Nbd2 Nbd7 10. e3 Ne4
11. Qc2 Rf6 12. h4 Rh6 13. Rfc1 Nf8 14. Ne5 Qxh4 15. Ndf3 Qe7 16. a4 Bd7 17. b4 Ng6 18. Nxd7 Qxd7 19. cxd5 exd5 20. b5 Qd8
21. bxc6 bxc6 22. Rab1 Rc8 23. Kf1 Qe8 24. Rb5 Qd8 25. Rbb1 Nh4 26. Ne5 Nxg2 27. Kxg2 Qe8 28. Qe2 Nd6 29. Qd3 Rc7 30. a5 Rf6
31. Qb3 Rc8 32. Kf1 Ne4 33. Qb2 Rh6 34. Kg2 Nd6 35. Rg1 Nc4 36. Qb4 Nxe5 37. dxe5 Re6 38. Kf1 Re7=
1/2-1/2

[Event "Big Slow Lazy Tourney -  Dutch Style"]
[Site "SchemingMind.com"]
[Date "2020.06.10"]
[Round "-"]
[White "Matthew Bailey"]
[Black "Robert Bruce"]
[Result "1-0"]
[WhiteCountry "ENG"]
[BlackCountry "SCO"]
[WhiteElo "2540"]
[WhiteRD "61"]
[BlackElo "2386"]
[BlackRD "64"]
[GameID "456086"]

1. d4 f5 2. Nf3 e6 3. g3 Nf6 4. Bg2 d5 5. O-O c5 6. c4 Nc6 7. cxd5 Nxd5 8. Nc3 Nxc3 9. bxc3 Be7 10. Rb1 O-O
11. h4 h6 12. Bf4 Bf6 13. Ne5 Nxe5 14. dxe5 g5 15. Qxd8 Rxd8 16. exf6 gxf4 17. Bxb7 Rb8 18. Bxc8 Rdxc8 19. gxf4 Kf7 20. f3 h5
21. Kf2 Rg8 22. a4 c4 23. Rb4 Rxb4 24. cxb4 Rb8 25. b5 c3 26. Ke3 a6 27. bxa6 Rb4 28. Rd1 Rxa4 29. Rd7+ Kxf6 30. a7 c2
31. Kd2 Ra2 32. Kc1 Kg6 33. Rc7 Kf6 34. Kd2 Kg6 35. e4 fxe4 36. fxe4 Kf6 37. Rb7 Kg6 38. Re7 Kf6 39. Rc7 e5 40. Rc6+ Kf7
41. f5 Rxa7 42. Kxc2 Ra2+ 43. Kd3 Rh2 44. Re6 Rxh4 45. Rxe5 Rh3+ 46. Kd4 h4 47. Re6 Rf3 48. Rh6 h3 49. Rh5 Ra3 50. e5 Ra4+
51. Kd5 Ra3 52. Ke4 Kg8 53. e6 Kg7 54. e7 Ra8 55. Ke5 Kf7 56. Rh7+ Kg8 57. Rxh3
1-0

[Event "Big Slow Lazy Tourney -  Dutch Style"]
[Site "SchemingMind.com"]
[Date "2020.06.06"]
[Round "-"]
[White "Matthew Bailey"]
[Black "William Lindberg"]
[Result "1/2-1/2"]
[WhiteCountry "ENG"]
[BlackCountry "USA"]
[WhiteElo "2545"]
[WhiteRD "57"]
[BlackElo "2458"]
[BlackRD "65"]
[GameID "456087"]

1. d4 f5 2. Nf3 Nf6 3. g3 g6 4. Bg2 Bg7 5. O-O O-O 6. c4 d6 7. Nc3 Nc6 8. d5 Ne5 9. Nxe5 dxe5 10. Qb3 b6
11. Be3 Ng4 12. Bd2 e4 13. Rad1 Ba6 14. Nb5 Ne5 15. f3 Qd7 16. Na3 Rae8 17. fxe4 fxe4 18. Bf4 c5 19. Bxe4 Rf7 20. Bg2 Ref8
21. h3 h6 22. Qc2 g5 23. Bxe5 Bxe5 24. Qg6+ Bg7 25. Rxf7 Rxf7 26. Rf1 Rxf1+ 27. Kxf1 Kf8 28. b3 Bc8 29. g4 Qc7 30. Qd3 Bd7
31. Nc2 Qh2 32. Ne1 Kg8 33. Qe4 Qd6 34. Nc2 Kf7 35. Qe3 Qh2 36. Be4 Ke8 37. Bg6+ Kd8 38. Qf3 Kc7 39. Ne3 Bd4 40. Ke1 Bc3+
41. Kd1 Qg1+ 42. Nf1 Qd4+ 43. Qd3 Qf6 44. Nd2 a6 45. Qf3 Qe5 46. Nb1 Bb2 47. Kc2 Ba1 48. a4 b5 49. axb5 axb5 50. Nd2 Qb2+
51. Kd1 Qd4 52. e3 Qe5 53. Bf5 Be8 54. Be4 Bc3 55. Nf1 bxc4 56. bxc4 Kb6 57. Ke2 Ba4 58. Bd3 Ka5 59. Ng3 Bb3 60. Nf5 Kb4
61. Nxh6 Bxc4 62. Bxc4 Kxc4 63. Nf7 Qh2+ 64. Kf1 Bf6 65. d6 exd6 66. Qxf6 Qxh3+ 67. Kf2 Qh4+ 68. Kf1 Qh3+ 69. Kf2 Qh4+=
1/2-1/2

[Event "Big Slow Lazy Tourney -  Dutch Style"]
[Site "SchemingMind.com"]
[Date "2020.06.11"]
[Round "-"]
[White "Matthew Bailey"]
[Black "The Stonewall"]
[Result "1/2-1/2"]
[WhiteCountry "ENG"]
[BlackCountry "ENG"]
[WhiteElo "2540"]
[WhiteRD "61"]
[BlackElo "2498"]
[BlackRD "80"]
[GameID "456088"]

1. d4 f5 2. Nf3 Nf6 3. g3 g6 4. Bg2 Bg7 5. O-O O-O 6. c4 d6 7. Nc3 Qe8 8. Re1 Qf7 9. e4 fxe4 10. Nxe4 Nc6
11. d5 Nxe4 12. Rxe4 Ne5 13. Rf4 Nxf3+ 14. Rxf3 Qe8 15. Re3 Qf7 16. Rf3 Qe8 17. a4 Rxf3 18. Bxf3 Bd7 19. a5 c5 20. Qe2 Qf7
21. Be4 Bd4 22. Be3 Bxe3 23. Qxe3 Qf6 24. Kg2 Qe5 25. Qd3 Qxb2 26. Rb1 Qf6 27. Rxb7 Bc8 28. Rc7 Kf7 29. h4 Ke8 30. Qb3 Qa1
31. Rc6 Bg4 32. Rc7 Bc8 33. Rc6 Bg4 34. Qd3 Bd7 35. h5 Kd8 36. hxg6 hxg6 37. Qb3 Qd4 38. Bc2 Bxc6 39. dxc6 Rc8 40. Qb7 Qg4
41. Bd1 Qe6 42. Qxa7 Rxc6 43. Bf3 Qd7 44. Qb8+ Rc8 45. Qb2 g5 46. a6 Qa7 47. Qh8+ Kc7 48. Qh7 Qxa6 49. Qxe7+ Kb8 50. g4 Rh8
51. Bd5 Kc8 52. Qg7 Re8 53. Qxg5 Qa4 54. Qf6 Kc7 55. Kg3 Qd1 56. g5 Qg1+ 57. Bg2 Qe1 58. Qb2 Rb8 59. Qg7+ Kd8 60. Qg8+=
1/2-1/2

[Event "Big Slow Lazy Tourney -  Dutch Style"]
[Site "SchemingMind.com"]
[Date "2020.06.06"]
[Round "-"]
[White "maro"]
[Black "Matthew Bailey"]
[Result "0-1"]
[WhiteCountry "MEX"]
[BlackCountry "ENG"]
[WhiteElo "1412"]
[WhiteRD "57"]
[BlackElo "2518"]
[BlackRD "58"]
[GameID "456089"]

1. d4 f5 2. e3 Nf6 3. Bd3 d6 4. Nc3 e5 5. dxe5 dxe5 6. Bb5+ Nbd7 7. Nf3 c6 8. Bc4 e4 9. Ng5 Ne5 10. Qxd8+ Kxd8
11. Be6 g6 12. Bxc8 Kxc8 13. O-O Nh5 14. b3 Be7 15. Ne6 Bf6 16. Bb2 Re8 17. Nc5 Bg7 18. a4 Bf8 19. b4 Nc4 20. Rab1 Nd2
21. b5 Bxc5 22. bxc6 bxc6 23. Na2 Rb8 24. Rfd1 Nxb1 25. Rxb1 Ba3
0-1

[Event "Big Slow Lazy Tourney -  Dutch Style"]
[Site "SchemingMind.com"]
[Date "2020.06.10"]
[Round "-"]
[White "Uzi Mike"]
[Black "Matthew Bailey"]
[Result "0-1"]
[WhiteCountry "USA"]
[BlackCountry "ENG"]
[WhiteElo "2366"]
[WhiteRD "75"]
[BlackElo "2596"]
[BlackRD "70"]
[GameID "456090"]

1. d4 f5 2. g3 Nf6 3. Bg2 e6 4. Nf3 d5 5. c4 c6 6. Bg5 h6 7. Bd2 Be7 8. Qc2 O-O 9. O-O Bd7 10. a4 Be8
11. Rc1 a5 12. Bf4 Na6 13. Nbd2 g5 14. Be3 Ng4 15. Nf1 Nxe3 16. Nxe3 Bd6 17. Qb3 Rb8 18. Nc2 f4 19. g4 Kg7 20. Rd1 h5
21. Bh3 Rh8 22. c5 Bc7 23. Qc3 Bg6 24. Kg2 Qe7 25. Rg1 h4 26. Rgd1 Rhe8 27. Rac1 e5 28. dxe5 Nxc5 29. e6+ Kg8 30. Ncd4 Nxa4
31. Qd2 Bb6 32. Nf5 Qf6 33. Nh6+ Kf8 34. b4 Nb2 35. bxa5 Bd8 36. Re1 Be4 37. Nf5 Nc4 38. Qb4+ Kg8 39. Ra1 Qf8 40. Qb3 Nxa5
41. Qd1 Nc4 42. Kg1 Bf6 43. Rc1 Qb4 44. Bg2 Rxe6 45. N3d4 Nb2 46. Qb3 Qxb3 47. Nxb3 Bxf5 48. gxf5 Rd6 49. Nc5 Nc4 50. Ne4 dxe4
51. Rxc4 b5 52. Rxe4 c5 53. Re6 Rxe6 54. fxe6 b4 55. Bd5 Kf8 56. Bb3 h3 57. e3 f3 58. Kf1 g4 59. Rc1 Ra8 60. Rb1 Ke7
61. Bd5 Rd8 62. e4 Bc3 63. Kg1 Rd6 64. Kh1 Be5 65. Rg1 Ra6
0-1

[Event "Big Slow Lazy Tourney -  Dutch Style"]
[Site "SchemingMind.com"]
[Date "2020.06.11"]
[Round "-"]
[White "Matthew Bailey"]
[Black "Mihir Chandrashekhar"]
[Result "1-0"]
[WhiteCountry "ENG"]
[BlackCountry "IND"]
[WhiteElo "2545"]
[WhiteRD "57"]
[BlackElo "1717"]
[BlackRD "66"]
[GameID "456091"]

1. d4 f5 2. Nf3 Nf6 3. g3 g6 4. Bg2 Bg7 5. O-O O-O 6. c4 c5 7. dxc5 Qc7 8. Be3 e5 9. Nc3 e4 10. Nd4 Ng4
11. Ndb5 Qe5 12. Bd4 Qe7 13. Nd5
1-0

[Event "Big Slow Lazy Tourney -  Dutch Style"]
[Site "SchemingMind.com"]
[Date "2020.06.06"]
[Round "-"]
[White "Matthew Bailey"]
[Black "Randy Bahr"]
[Result "1-0"]
[WhiteCountry "ENG"]
[BlackCountry "USA"]
[WhiteElo "2518"]
[WhiteRD "58"]
[BlackElo "1736"]
[BlackRD "70"]
[GameID "456092"]

1. d4 f5 2. Nf3 Nf6 3. g3 e6 4. Bg2 d5 5. O-O Bd6 6. c4 c5 7. Nc3 O-O 8. cxd5 exd5 9. Bg5 Be6 10. Bxf6 Rxf6
11. Ng5 Bc8 12. dxc5 Bxc5 13. Qxd5+ Qxd5 14. Bxd5+ Kh8 15. Nf7+ Kg8 16. Nd8+ Kf8 17. Nxb7
1-0

[Event "Big Slow Lazy Tourney -  Dutch Style"]
[Site "SchemingMind.com"]
[Date "2020.06.27"]
[Round "-"]
[White "AussieMossie"]
[Black "dvoretsky"]
[Result "1/2-1/2"]
[WhiteCountry "AUS"]
[BlackCountry "ENG"]
[WhiteElo "2553"]
[WhiteRD "68"]
[BlackElo "2556"]
[BlackRD "81"]
[GameID "456922"]

1. d4 f5 2. Nf3 Nf6 3. g3 g6 4. Bg2 Bg7 5. O-O O-O 6. c4 d6 7. Nc3 c6 8. d5 e5 9. e4 cxd5 10. cxd5 Na6
11. exf5 gxf5 12. Be3 Qe7 13. Bg5 Qf7 14. Nh4 Bd7 15. Bh3 Ne8 16. f4 e4 17. g4 fxg4 18. Bxg4 Nf6 19. Bxd7 Qxd7 20. f5 Rae8
21. Kh1 Kh8 22. Rg1 Nc5 23. Qe2 b5 24. b4 Nd3 25. Raf1 a6 26. Rg3 Qc7 27. Nd1 e3 28. Nxe3 Qc4 29. Nxc4 Rxe2 30. Nxd6 Nf2+
31. Kg1 N6e4 32. Nxe4 Nxe4 33. f6 Bxf6 34. Bxf6+ Nxf6 35. a3 Rd2 36. Rg5 Rf7 37. Kh1 Rg7 38. Ng6+ Rxg6 39. Rxg6 hxg6 40. Rxf6 Kg7
41. Rxa6 Rxd5 42. Kg2 Rd3 43. Ra5 Kf6 44. h4 Rb3 45. Kf2=
1/2-1/2

[Event "Big Slow Lazy Tourney -  Dutch Style"]
[Site "SchemingMind.com"]
[Date "2020.06.27"]
[Round "-"]
[White "frankly"]
[Black "dvoretsky"]
[Result "1-0"]
[WhiteCountry "ENG"]
[BlackCountry "ENG"]
[WhiteElo "2594"]
[WhiteRD "63"]
[BlackElo "2413"]
[BlackRD "87"]
[GameID "456923"]

1. d4 f5 2. g3 Nf6 3. Bg2 g6 4. Nf3 Bg7 5. O-O O-O 6. c4 d6 7. Nc3 c6 8. d5 e5 9. dxc6 bxc6 10. e4 Na6
11. exf5 Bxf5 12. Be3 Rb8 13. Qa4 Nb4 14. Ne1 a5 15. Rd1 d5 16. Bg5 d4 17. Ne4 Qb6 18. Bxf6 Bxf6 19. a3 Na6 20. Nd3 Bxe4
21. Bxe4 Nc5 22. Nxc5 Qxc5 23. Rd2 Kg7 24. Re1 Rb6 25. Qc2 Rfb8 26. Rb1 Bg5 27. Rd3 Be7 28. Rf3 Qd6 29. h4 h5 30. Qd2 a4
31. Kg2 c5 32. Qc2 Qd7 33. b3 Rxb3 34. Rbxb3 Rxb3 35. Rxb3 axb3 36. Qxb3 Bxh4 37. Qc2 Bd8 38. Bxg6 h4 39. Qe4 hxg3 40. Bf5 Qd6
41. fxg3 Kf7 42. Qf3 Ke7 43. Qh5 Ba5 44. Qh4+ Ke8 45. g4 Qc6+ 46. Kf2 Qd6 47. Kf3 e4+ 48. Bxe4 Bc7 49. Qh5+ Kf8 50. Ke2 Qg3
51. Qxc5+ Bd6 52. Qg5 Qh2+ 53. Kd1 Qg1+ 54. Kc2 Qh2+ 55. Kb3 Qh3+ 56. Ka4 Qxa3+ 57. Kb5
1-0

[Event "Big Slow Lazy Tourney -  Dutch Style"]
[Site "SchemingMind.com"]
[Date "2020.06.27"]
[Round "-"]
[White "dvoretsky"]
[Black "William Lindberg"]
[Result "1-0"]
[WhiteCountry "ENG"]
[BlackCountry "USA"]
[WhiteElo "2576"]
[WhiteRD "84"]
[BlackElo "2416"]
[BlackRD "66"]
[GameID "456924"]

1. d4 f5 2. g3 Nf6 3. Bg2 e6 4. c4 Bb4+ 5. Nd2 O-O 6. Nf3 Be7 7. O-O c5 8. Nb3 cxd4 9. Nfxd4 a5 10. a4 d6
11. Qc2 Ra6 12. Nb5 e5 13. Bg5 Nc6 14. Rad1 Nb4 15. Qc3 h6 16. Bxf6 Bxf6 17. e4 f4 18. c5 Be7 19. Rd2 Rc6 20. Na7 Ra6
21. Nxc8 Qxc8 22. Rfd1 dxc5 23. Qxe5 Nc6 24. Qc3 fxg3 25. hxg3 Rb6 26. Nxc5 Ne5 27. Qxe5 Bxc5 28. Qd5+ Kh8 29. Bh3 Qc7 30. e5 Rg6
31. Kg2 Qb6 32. Rf1 Bb4 33. Re2 Qa6 34. Qe4 Rc6 35. Rd1 Rc4 36. Qd3 Qc6+ 37. Kh2 Rc1 38. Rxc1 Qxc1 39. Rc2 Qg5 40. f4 Qe7
41. Qd7 Qxd7 42. Bxd7 g6 43. Be6 b6 44. Kh3 Bc5 45. Rd2 Rb8 46. Rd7 Re8 47. Bf7 Re7 48. Rxe7 Bxe7 49. Bxg6 Bc5 50. Bh5 Bd4
51. Kg4 Kg7 52. Kf5 Bxb2 53. Ke6 Kf8 54. f5 Bc3 55. f6 Bb4 56. Kf5 Be1 57. e6 Bb4 58. Ke4 Ba3 59. Kd5 Be7 60. fxe7+ Kxe7
61. Be2 h5 62. Ke5 h4 63. gxh4
1-0

[Event "Big Slow Lazy Tourney -  Dutch Style"]
[Site "SchemingMind.com"]
[Date "2020.06.27"]
[Round "-"]
[White "dvoretsky"]
[Black "The Stonewall"]
[Result "0-1"]
[WhiteCountry "ENG"]
[BlackCountry "ENG"]
[WhiteElo "2413"]
[WhiteRD "87"]
[BlackElo "2508"]
[BlackRD "75"]
[GameID "456925"]

1. d4 f5 2. g3 Nf6 3. Bg2 g6 4. Nf3 Bg7 5. O-O O-O 6. c4 d6 7. Nc3 Qe8 8. d5 a5 9. Be3 Na6 10. Qd2 Ng4
11. Bd4 Bh6 12. Ng5 c5 13. dxc6 bxc6 14. Na4 Nc7 15. Bc3 Ra6 16. f4 c5 17. b3 Bg7 18. Rae1 h6 19. Nh3 Bd7 20. e4 Bxa4
21. Bxg7 Kxg7 22. bxa4 e6 23. Rb1 Qxa4 24. Rb7 Qd7 25. Nf2 Nxf2 26. Qb2+ Kg8 27. Rxf2 fxe4 28. Bxe4 Qf7 29. Qb1 Qg7 30. Bxg6 Raa8
31. Kg2 Rf6 32. Bh5 Rf5 33. Bf3 Rc8 34. Re2 Rf6 35. Qd1 Qf8 36. Qd3 Kh8 37. Rd2 a4 38. Qxd6 Qxd6 39. Rxd6 Ne8 40. Rdd7 a3
0-1

[Event "Big Slow Lazy Tourney -  Dutch Style"]
[Site "SchemingMind.com"]
[Date "2020.06.27"]
[Round "-"]
[White "maro"]
[Black "dvoretsky"]
[Result "0-1"]
[WhiteCountry "MEX"]
[BlackCountry "ENG"]
[WhiteElo "1391"]
[WhiteRD "59"]
[BlackElo "2556"]
[BlackRD "81"]
[GameID "456926"]

1. d4 f5 2. c4 Nf6 3. Nc3 d6 4. e3 g6 5. b4 e5 6. dxe5 dxe5 7. Qxd8+ Kxd8 8. Be2 Bxb4 9. Bd2 Nbd7 10. a3 Bd6
11. e4 Nxe4 12. Nxe4 fxe4 13. Bg5+ Ke8 14. Be3 Nc5 15. Bh6 Be6 16. Bg7 Rg8 17. Bh6 g5 18. Bh5+ Kd7 19. O-O-O Nd3+ 20. Kb1 Nxf2
21. c5 Nxd1 22. cxd6 Nf2 23. Ne2 Nxh1 24. dxc7 Nf2 25. g3 Ng4 26. Bxg4 Bxg4 27. Nc3 Rg6
0-1